000
00337nam a22001577a 4500
003
SGT
020
_a
978-93-5152-369-7
082
_a
616.07
_b
P15M
100
_a
MOHAN,HARSH
245
_a
TEXTBOOK OF PATHOLOGY
250
_a
7TH
260
_a
NEW DELHI
_b
JAYPEE PUB
_c
2015
300
_a
954
650
_a
AYURVEDA
942
_2
ddc
_c
BK
_0
12
999
_c
11319
_d
11319